000 00382pab a2200145 454500
008 180718b1983 xxu||||| |||| 00| 0 eng d
100 _aRamakrishna Rao, B.
245 _aPublic sector units
_bNeed to streamline inventory management
260 _c1983
300 _a5
362 _a11 Jan.
650 _aGovernment Enterprise - India
773 _aBusiness Standard
909 _a9285
999 _c9285
_d9285